| 000 | 01181cab a22002415a 4500 | ||
|---|---|---|---|
| 001 | L141847 | ||
| 008 | 080103s2007 xxk f 000 0 eng d | ||
| 035 | _a(Sirsi) u141847 | ||
| 041 | 0 | _aeng | |
| 100 | 1 | _aGiacon, Francis | |
| 245 | 0 | 0 |
_aDon't be a village idiot _bbeware of village green applications! |
| 260 | _c2007 | ||
| 490 |
_aLovells Real Estate Quarterly _vDecember 2007, 9-11(3) |
||
| 520 | _aExamines the possibility of land being lost to developers if local residents apply for it to be registered as a village green. Considers how land can satisfy the conditions of section 15 of the Commons Act 2006. The condition requires that there should have been 20 years continuous use for lawful activities as of right by a significant number of the public. Examines how these factors can be measured. Case law. | ||
| 590 | _aKA | ||
| 650 | 2 | 4 | _aCOMMONS ACT 2006 S15 |
| 650 | 2 | 4 | _aR (ON THE APPLICATION OF MCALPINE HOMES LTD) V STAFFORDSHIRE CC |
| 650 | 2 | 4 | _aMCCLAREN V KUBIAK |
| 650 | 2 | 4 | _aOXFORD CC V OXFORD CC AND ROBINSON |
| 651 | 4 |
_aUnited Kingdom _y |
|
| 690 | _aENVIRONMENTAL AND LAND CONSULTANCY-PLANNING AND DEVELOPMENT-DEVELOPMENT CONTROL | ||
| 942 | _n0 | ||
| 999 |
_c79623 _d79623 |
||